00338cam a2200121 a 4500020005400000082001600054100002100070245003300091250001200124260003700136300002700173650001600200 a0070365954 (international ed. : acidfree paper) :00a657.046 LAR1 aLarsen, E. John.10aModern advanced accounting / a6th ed. aNew York :bMcGraw-Hill,cc1994. axxii, 970 p. :bill. ; 0aAccounting.